| 000 | 01618nam a2200325 4500 | ||
|---|---|---|---|
| 005 | 20240530110343.0 | ||
| 008 | 141125s2009 ua grb 000 0 ara d | ||
| 017 |
_a8524/2009 _bمصر . دار الكتب المصرية |
||
| 020 | _a9771806262 | ||
| 040 | _aEG-CaGPL | ||
| 041 | _aara | ||
| 082 | 0 | 4 |
_221 _a949.5072\ _bع ح |
| 100 | 0 | _aعبدالله محمد ابو هشه | |
| 245 | 1 |
_aحرب المورة فى الوثائق النمساوية / _cترجمة ومراجعة وتقديم عبدالله محمد ابو هشة ؛ المراجعة التاريخية على بركات ؛ شارك فى الترجمة رانيا صلاح الدين محمد ، ريهام نبيل سالم ، فاطمة محمود عكاشة |
|
| 250 | _aط1 | ||
| 260 |
_aالقاهرة : _bدار الكتب والوثائق القومية ، المركز القومى للترجمة ، _c2009 |
||
| 300 |
_a502 ص ؛ _c24 سم |
||
| 504 | _aببليوجرافية : ص 497 - 502 | ||
| 650 | 0 | 4 |
_aالامبراطورية العثمانية _xتاريخ |
| 650 | 0 | 4 | _aالوثائق النمساوية |
| 650 | 0 | 4 |
_aالجيش المصرى _yعصر محمد على |
| 650 | 0 | 4 |
_aحرب المورة _xوثائق |
| 651 | 0 | 4 |
_aاليونان _xتاريخ _xالحكم العثمانى |
| 700 | 0 |
_aعلى بركات _eمراجع تاريخى |
|
| 700 | 0 |
_aرانيا صلاح الدين محمد _eمترجم |
|
| 700 | 0 |
_aريهام نبيل سالم _eمترجم مشارك |
|
| 700 | 0 |
_aفاطمة محمود عكاشة _eمترجم مشارك |
|
| 942 |
_2ddc _cBK |
||
| 999 |
_c59929 _d59929 |
||